000
00288nam a22000977a 4500
245
_a
Estimates Committee (1966-67): Hundred and twelfth Report (Third Lok Sabha, Ministry of Commerce)
260
_a
New Delhi
_b
Lok Sabha Secretariat
300
_a
34p.
500
_a
Copy from NET
942
_c
BK
999
_c
74694
_d
74694